<?xml version="1.0" encoding="UTF-8"?>
<collection xmlns="http://www.loc.gov/MARC21/slim">
 <record>
  <leader>01599nam a22001817a 4500</leader>
  <controlfield tag="001">NCT_98782</controlfield>
  <controlfield tag="008">220309b        xxu||||| |||| 00| 0 vie d</controlfield>
  <datafield tag="999" ind1=" " ind2=" ">
   <subfield code="c">4933</subfield>
   <subfield code="d">4933</subfield>
  </datafield>
  <datafield tag="082" ind1="0" ind2="4">
   <subfield code="2">23rd ed.</subfield>
   <subfield code="a">346</subfield>
   <subfield code="b">C101V</subfield>
  </datafield>
  <datafield tag="245" ind1="0" ind2="0">
   <subfield code="a">Các văn bản pháp quy = </subfield>
   <subfield code="b">Legal documents</subfield>
   <subfield code="n">Số 41</subfield>
   <subfield code="c">Bộ công thương. Trung tâm Thông tin Công nghiệp và thương mại</subfield>
  </datafield>
  <datafield tag="260" ind1=" " ind2=" ">
   <subfield code="a">H.</subfield>
   <subfield code="b">Bộ công thương. Trung tâm Thông tin Công nghiệp và thương mại</subfield>
   <subfield code="c">2018</subfield>
  </datafield>
  <datafield tag="300" ind1=" " ind2=" ">
   <subfield code="c">29cm</subfield>
  </datafield>
  <datafield tag="362" ind1=" " ind2=" ">
   <subfield code="a">10/2018</subfield>
  </datafield>
  <datafield tag="520" ind1="3" ind2=" ">
   <subfield code="a">Trong số này quy định về hóa đơn điện tử khi bán hàng hóa, cung cấp dịch vụ; Sửa đổi, bổ sung một số quy dịnh về cơ chế đặc thù trong quản lý đầu tư xây dựng đối với một số dự án thuộc các Chương trình mục tiêu quốc gia giai đoạn 2016-2020; Sửa đổi, bổ sung quy định về điều kiện đầu tư, kinh doanh trong lĩnh vực nông nghiệp; Hướng dẫn sử dụng nguồn tài chính  trong quản lý, khai thác công trình thủy lợi sử dụng vốn Nhà nước; Sửa đổi, bổ sung quy định về thực hiện giá bán điện;Hiệu lực pháp luật và văn bản liên quan</subfield>
  </datafield>
  <datafield tag="655" ind1=" " ind2=" ">
   <subfield code="a">Tạp chí</subfield>
  </datafield>
  <datafield tag="942" ind1=" " ind2=" ">
   <subfield code="2">ddc</subfield>
   <subfield code="c">CR</subfield>
  </datafield>
  <datafield tag="952" ind1=" " ind2=" ">
   <subfield code="0">0</subfield>
   <subfield code="1">0</subfield>
   <subfield code="2">ddc</subfield>
   <subfield code="4">0</subfield>
   <subfield code="6">346_000000000000000_C101V</subfield>
   <subfield code="7">0</subfield>
   <subfield code="9">22356</subfield>
   <subfield code="a">000001</subfield>
   <subfield code="b">000001</subfield>
   <subfield code="d">2022-03-11</subfield>
   <subfield code="o">346 C101V</subfield>
   <subfield code="r">2022-03-11</subfield>
   <subfield code="w">2022-03-11</subfield>
   <subfield code="y">CR</subfield>
  </datafield>
  <datafield tag="980" ind1=" " ind2=" ">
   <subfield code="a">Thư viện Trường Đại học Nam Cần Thơ</subfield>
  </datafield>
 </record>
</collection>
